000 00539nam a2200145Ia 4500
008 170221s9999 xx 000 0 und d
100 _aElena N. Klochko
245 _aModelling of Network Mechanisms of Management in the Conditions of Organizational Development
245 _cElena N. Klochko, Natalya M. Fomenko, Victoria V. Nekrasova
260 _bInternational Review of Management and Marketing
260 _c2016
300 _a6 : 1S
650 _xMarketing.
856 _uhttp://www.econjournals.com/index.php/irmm/issue/view/70
999 _c308378
_d308378